000 00442cam a22001934a 4500
005 20250605164255.0
008 250528s ||||||||||||||||||||||||d
035 _a21923
020 _a9780140845757
040 _aGR-AtMCL
_bgre
_dGR-AtMCL
_eAACR2
245 1 _aWUTHERING HEIGHTS
250 _a1
260 _bPenguin Books,
_c1993
300 _a88
700 1 _aBronte Emily
_97806
942 _cBK
999 _c6980
_d6980